[Event "27th Summer Universiade 2013 Kazan,Russ"]
[Site "Kazan,Russia"]
[Date "2013.07.15"]
[Round "9.20"]
[White "Djukic, Sandra"]
[Black "Anusca, Madalina-Maria"]
[Result "1/2-1/2"]
[WhiteElo "2197"]
[BlackElo "2042"]
[PlyCount "60"]
[EventDate "2013.07.09"]

1. g3 d5 2. Bg2 Nf6 3. Nf3 Bf5 4. d3 Nbd7 5. Nbd2 e5 6. O-O Bd6 7. h3 O-O 8.
Nh4 Be6 9. e4 dxe4 10. dxe4 Nb6 11. Qe2 Qd7 12. Kh2 Rad8 13. Nhf3 h6 14. Re1
Qc6 15. c3 Rfe8 16. Bf1 a6 17. a3 Nfd7 18. c4 a5 19. b3 Bf8 20. Bb2 f6 21. Rad1
Nc5 22. Qe3 Bf7 23. Qc3 Ne6 24. Qc2 Bc5 25. Nb1 Rxd1 26. Rxd1 Bh5 27. Be2 Bg6
28. Bd3 Bh5 29. Be2 Bg6 30. Bd3 Bh5 1/2-1/2

[Event "27th Summer Universiade 2013 Kazan,Russ"]
[Site "Kazan,Russia"]
[Date "2013.07.15"]
[Round "9.21"]
[White "Khulan, Enkhsaikhan"]
[Black "Hallaeva, Bahar"]
[Result "0-1"]
[WhiteElo "1866"]
[BlackElo "2150"]
[PlyCount "80"]
[EventDate "2013.07.09"]

1. c4 e5 2. g3 Nf6 3. Bg2 c6 4. d4 exd4 5. Qxd4 Na6 6. a3 Nc5 7. Nd2 Ne6 8. Qd3
Bc5 9. b4 Bxf2+ 10. Kxf2 Ng4+ 11. Ke1 Qf6 12. Bf3 Qxa1 13. Nb3 Qf6 14. Bxg4 d5
15. cxd5 cxd5 16. Bf3 O-O 17. Nh3 Rd8 18. Kf2 Bd7 19. Nf4 Nxf4 20. Bxf4 Bf5 21.
Qd2 h6 22. Qd4 Qg6 23. h4 Be4 24. Nc5 Bxf3 25. Kxf3 b6 26. Nd3 Rac8 27. h5 Qe6
28. Qe5 Qd7 29. Rh4 Re8 30. Qb2 d4 31. Kf2 Re4 32. Rh1 Rce8 33. Nc1 Qg4 34. Rd1
Rd8 35. Qc2 Qf5 36. Qc7 Rde8 37. Qxa7 Rxf4+ 38. gxf4 Qxf4+ 39. Ke1 Qg3+ 40. Kd2
Qc3# 0-1

[Event "27th Summer Universiade 2013 Kazan,Russ"]
[Site "Kazan,Russia"]
[Date "2013.07.15"]
[Round "9.22"]
[White "Dewi, Aa Citra"]
[Black "Khalafova, Narmin"]
[Result "1/2-1/2"]
[WhiteElo "2138"]
[BlackElo "2107"]
[PlyCount "20"]
[EventDate "2013.07.09"]

1. e4 c5 2. Nf3 d6 3. d4 Nf6 4. Nc3 cxd4 5. Nxd4 a6 6. Be3 e5 7. Nb3 Be6 8. f4
exf4 9. Bxf4 Nc6 10. Qe2 Be7 1/2-1/2

[Event "27th Summer Universiade 2013 Kazan,Russ"]
[Site "Kazan,Russia"]
[Date "2013.07.15"]
[Round "9.23"]
[White "Yalkanova, Merjen"]
[Black "Siradze, Salome"]
[Result "0-1"]
[WhiteElo "1966"]
[BlackElo "2069"]
[PlyCount "112"]
[EventDate "2013.07.09"]

1. d4 Nf6 2. e3 g6 3. Nf3 Bg7 4. b3 d6 5. Bb2 Nbd7 6. Be2 O-O 7. Nbd2 Re8 8.
Nc4 Nb6 9. Nxb6 axb6 10. O-O Nd7 11. e4 e5 12. dxe5 dxe5 13. a4 Nc5 14. Qxd8
Rxd8 15. Nxe5 Nxe4 16. Bc4 Nd6 17. Rad1 Bf5 18. Bd3 Be6 19. Rfe1 Nf5 20. Be4
Nd6 21. Bd3 Re8 22. Ba1 Rad8 23. Nf3 Bg4 24. Be2 Bxa1 25. Rxa1 Ne4 26. h3 Bd7
27. Bc4 Nd6 28. Bd3 Kg7 29. Kf1 Kf6 30. Rxe8 Rxe8 31. Re1 Rxe1+ 32. Kxe1 Bc6
33. Ng1 Ke5 34. f3 h5 35. Kf2 g5 36. Ne2 f5 37. g3 f4 38. h4 fxg3+ 39. Nxg3
gxh4 40. Nxh5 Bd5 41. f4+ Kd4 42. Ng7 Bxb3 43. f5 Bd5 44. Nh5 Ke5 45. Kg1 c5
46. Kh2 c4 47. Be2 Nxf5 48. Kh3 Bf7 49. c3 Bxh5 50. Bxh5 Kf4 51. Bg4 Nd6 52.
Kxh4 Ke3 53. Kg5 Ne4+ 54. Kg6 Nxc3 55. Be6 Kd4 56. Bc8 Nxa4 0-1

[Event "27th Summer Universiade 2013 Kazan,Russ"]
[Site "Kazan,Russia"]
[Date "2013.07.15"]
[Round "9.24"]
[White "Heinatz, Maria"]
[Black "Jelsen, Yemi"]
[Result "0-1"]
[WhiteElo "1904"]
[BlackElo "2009"]
[PlyCount "74"]
[EventDate "2013.07.09"]

1. e4 c5 2. Nf3 d6 3. d4 cxd4 4. Nxd4 Nf6 5. Nc3 a6 6. Be3 e5 7. Nb3 Be6 8. f4
Qc7 9. f5 Bc4 10. Qf3 Bxf1 11. Rxf1 b5 12. O-O-O b4 13. Nd5 Nxd5 14. exd5 a5
15. Kb1 a4 16. Nc1 Nd7 17. Qe4 Qb7 18. h3 Be7 19. g4 Nf6 20. Qg2 Ra5 21. Rd2
Nxd5 22. Rfd1 e4 23. Rxd5 Rxd5 24. Qxe4 Rb5 25. Qf4 O-O 26. g5 Ra8 27. f6 Bf8
28. h4 b3 29. cxb3 axb3 30. Nxb3 Rb4 31. Bd4 Qd5 32. Rd2 Qh1+ 33. Nc1 Rc8 34.
Rc2 Rxc2 35. Kxc2 Rc4+ 36. Kb3 Qxc1 37. Qe4 d5 0-1

[Event "27th Summer Universiade 2013 Kazan,Russ"]
[Site "Kazan,Russia"]
[Date "2013.07.15"]
[Round "9.25"]
[White "Velieva, Hurma"]
[Black "Battsetseg, Urjinbadam"]
[Result "1-0"]
[WhiteElo "1988"]
[BlackElo "1703"]
[PlyCount "81"]
[EventDate "2013.07.09"]

1. e4 e5 2. Nf3 Nc6 3. d4 exd4 4. Nxd4 Bc5 5. Be3 Qf6 6. c3 Nge7 7. Be2 d6 8.
O-O O-O 9. Nxc6 Nxc6 10. Bxc5 dxc5 11. Nd2 Rd8 12. Qc2 Qf4 13. Rad1 Bg4 14.
Bxg4 Qxg4 15. Nc4 b5 16. Ne3 Qh5 17. Nd5 Rd6 18. Rd3 Rad8 19. f4 f5 20. Rh3 Qf7
21. Ne3 Rd2 22. Qb1 Ne7 23. exf5 R8d3 24. f6 Qxf6 25. Ng4 Qc6 26. Rhf3 Rxf3 27.
Rxf3 Qd7 28. Nf2 Qe6 29. h3 Qe2 30. b4 c4 31. f5 Nd5 32. f6 Ne3 33. Kh2 Rd1 34.
Rxe3 Qxe3 35. Qxd1 Qxf2 36. Qd8+ Kf7 37. Qe7+ Kg6 38. Qxg7+ Kf5 39. f7 Qf4+ 40.
Qg3 Qxg3+ 41. Kxg3 1-0

[Event "27th Summer Universiade 2013 Kazan,Russ"]
[Site "Kazan,Russia"]
[Date "2013.07.15"]
[Round "9.26"]
[White "Nakhbayeva, Guliskhan"]
[Black "Shyngys Kyzy, Aijarkyn"]
[Result "1-0"]
[WhiteElo "2354"]
[BlackElo "1784"]
[PlyCount "35"]
[EventDate "2013.07.09"]

1. d4 d5 2. c4 c6 3. Nc3 Nf6 4. e3 e6 5. Nf3 Nbd7 6. Bd3 dxc4 7. Bxc4 b5 8. Bb3
a6 9. O-O c5 10. d5 exd5 11. e4 dxe4 12. Nxe4 c4 13. Bc2 Nc5 14. Nxf6+ Qxf6 15.
Qd5 Ra7 16. Re1+ Re7 17. Bg5 Bb7 18. Qxc5 1-0

[Event "27th Summer Universiade 2013 Kazan,Russ"]
[Site "Kazan,Russia"]
[Date "2013.07.15"]
[Round "9.28"]
[White "Vivian, Heinrichs"]
[Black "Senanayake, P R."]
[Result "1-0"]
[WhiteElo "1953"]
[BlackElo "1775"]
[PlyCount "127"]
[EventDate "2013.07.09"]

1. d4 Nf6 2. c4 e6 3. Nf3 Be7 4. Nc3 d5 5. cxd5 exd5 6. Bg5 O-O 7. Qc2 b6 8. e3
Bb7 9. Bd3 Nbd7 10. O-O c5 11. Bf5 g6 12. Bd3 Rc8 13. Qe2 c4 14. Bc2 a6 15. Ne5
Nxe5 16. dxe5 Ne4 17. Bxe7 Qxe7 18. f4 Rcd8 19. Rad1 Nc5 20. Rd4 Ne6 21. Rd2
Nc7 22. Rfd1 b5 23. a3 Rfe8 24. Qf2 Kh8 25. e4 dxe4 26. Bxe4 Bc8 27. h3 f6 28.
Bc6 Rxd2 29. Rxd2 Rd8 30. Re2 Bf5 31. Kh2 Bd7 32. Bxd7 Rxd7 33. Qb6 fxe5 34.
Rxe5 Qd6 35. Qf2 Re7 36. Ne4 Qd8 37. Qc5 Rd7 38. Ng5 Kg8 39. Qf2 Qf8 40. Re4
Qd6 41. Re2 Qf8 42. Qe3 Qd6 43. Ne4 Qe7 44. Qb6 Nd5 45. Qf2 Qf7 46. g3 Nc7 47.
Qc5 Rd5 48. Qb6 Rd8 49. Ng5 Qd7 50. Qf6 Rf8 51. Qc3 Re8 52. Rd2 Qe7 53. Qa5 Qf6
54. Rg2 Qe7 55. Nf3 Rd8 56. Ne5 Qd6 57. Qe1 Re8 58. Rd2 Qe6 59. Qd1 Qf6 60. Rd7
Qb6 61. Ng4 h5 62. Nh6+ Kh8 63. Qd2 Qc5 64. Qc3+ 1-0

[Event "27th Summer Universiade 2013 Kazan,Russ"]
[Site "Kazan,Russia"]
[Date "2013.07.15"]
[Round "9.29"]
[White "Otorbaeva, Nuriza"]
[Black "Leso, Gorata"]
[Result "1-0"]
[WhiteElo "1737"]
[BlackElo "1665"]
[PlyCount "85"]
[EventDate "2013.07.09"]

1. e4 d5 2. exd5 Qxd5 3. Nc3 Qd8 4. d4 Nf6 5. Nf3 Bg4 6. Be2 e6 7. O-O Nbd7 8.
h3 Bh5 9. Re1 h6 10. d5 exd5 11. Nxd5 Bd6 12. Ba6+ Kf8 13. Bxb7 Rb8 14. Ba6 Nc5
15. Bc4 Kg8 16. b3 Kh7 17. Bb2 Nfd7 18. Bd3+ Nxd3 19. Qxd3+ Bg6 20. Qd4 f6 21.
c4 Bc5 22. Qd2 c6 23. Nf4 Bb4 24. Bc3 Bxc3 25. Qxc3 Re8 26. Nxg6 Rxe1+ 27. Rxe1
Kxg6 28. Nh4+ Kf7 29. Nf5 Ne5 30. Ne3 Rb7 31. Rd1 Rd7 32. Rxd7+ Qxd7 33. b4 Qd3
34. Qxd3 Nxd3 35. a3 Ke6 36. Kf1 g6 37. Ke2 Nf4+ 38. Kf3 Nd3 39. g3 f5 40. Ke2
Nb2 41. Kd2 a6 42. Kc2 Na4 43. c5 1-0

[Event "27th Summer Universiade 2013 Kazan,Russ"]
[Site "Kazan,Russia"]
[Date "2013.07.15"]
[Round "9.32"]
[White "Mominova, Leyla"]
[Black "Rebatenne, Boitshepo"]
[Result "1-0"]
[WhiteElo "1919"]
[BlackElo "1558"]
[PlyCount "79"]
[EventDate "2013.07.09"]

1. e4 e5 2. Nf3 Nc6 3. Bb5 a6 4. Ba4 Nf6 5. O-O Bc5 6. d3 b5 7. Bb3 h6 8. c3 d6
9. h3 O-O 10. Re1 Bb7 11. Nbd2 Re8 12. Nf1 Ne7 13. Ng3 Ba7 14. Nh4 Bc8 15. Nh5
Nh7 16. Qf3 Be6 17. Qg3 g5 18. Nf3 Bxb3 19. axb3 Ng6 20. Nh2 Rf8 21. Ng4 f5 22.
Nxh6+ Kh8 23. Nxf5 Nh4 24. Be3 Nxf5 25. exf5 Bxe3 26. Qxe3 Rxf5 27. d4 Nf6 28.
Ng3 exd4 29. Qxd4 Rd5 30. Qe3 Re5 31. Qf3 Rxe1+ 32. Rxe1 Qf8 33. Re6 Nh7 34.
Qh5 Qg7 35. Nf5 Qd7 36. Rf6 Qe8 37. Rf7 Qg8 38. Ne7 Qxf7 39. Qxf7 Rf8 40. Ng6#
1-0

[Event "27th Summer Universiade 2013 Kazan,Russ"]
[Site "Kazan,Russia"]
[Date "2013.07.15"]
[Round "9.34"]
[White "Arbona Avila, Zaily M"]
[Black "Kim, Minhee"]
[Result "1/2-1/2"]
[WhiteElo "1540"]
[BlackElo "1504"]
[PlyCount "40"]
[EventDate "2013.07.09"]

1. e4 e5 2. Nf3 Nc6 3. Bb5 Nf6 4. d3 a6 5. Ba4 Be7 6. O-O O-O 7. c3 d6 8. h3
Bd7 9. Re1 Re8 10. Nbd2 Bf8 11. Nf1 Ne7 12. Bc2 Ng6 13. Ng3 h6 14. Be3 c6 15.
Qd2 Qc7 16. Rad1 Rad8 17. Qc1 Be6 18. d4 d5 19. dxe5 Nxe5 20. Nxe5 Qxe5 1/2-1/2